Socialismo democrático y movimiento obrero

Сохранить в:
Библиографические подробности
Главный автор: Solórzano Martínez, Mario
Формат: Текст
Опубликовано: Heredia: CEDAL
Метки: Добавить метку
Нет меток, Требуется 1-ая метка записи!

MARC

LEADER 00000 a a2200000 04500
001 20415
003
040
090 |a 085400  
100 |a Solórzano Martínez, Mario  
245 |a Socialismo democrático y movimiento obrero  
260 |a Heredia:   |b CEDAL  
300 |a 17 p.  
999 |c 16937  |d 16937